Economics and Management of the Enterprise in the 21st Century Proceedings of Reviewed Contributions from the 5th International Scientific Conference = sborník recenzovaných příspěvků z 5. mezinárodní vědecké konference

Na minha lista:
Detalhes bibliográficos
Autor Corporativo: Ekonomika a řízení podniku ve 21. století. mezinárodní vědecké konference
Outros Autores: Stanovská, Kateřina
Formato: Livro
Idioma:inglês
tcheco
eslovaco
Publicado em: Ostrava VŠB Technická univerzita Ostrava 2021
Edição:1. vydání
Assuntos:
Tags: Adicionar Tag
Sem tags, seja o primeiro a adicionar uma tag!

MARC

LEADER 00000nlm a2200000 4500
001 0279097
005 20240221111301.9
020 |a 978-80-248-4530-2 
020 |a 978-80-248-4531-9 
041 0 |a eng 
041 0 |a cze 
041 0 |a slo 
044 |a CZ 
245 1 0 |a Economics and Management of the Enterprise in the 21st Century  |b Proceedings of Reviewed Contributions from the 5th International Scientific Conference = sborník recenzovaných příspěvků z 5. mezinárodní vědecké konference  |c Edited by: Kateřina Stanovská 
250 |a 1. vydání 
264 1 |a Ostrava  |b VŠB Technická univerzita Ostrava  |c 2021 
300 |a 172 s. 
610 2 0 |a riadenie podnikové 
610 2 0 |a zdroje ľudské 
610 2 0 |a zamestnanci 
700 1 |a Stanovská, Kateřina 
110 2 |a Ekonomika a řízení podniku ve 21. století. mezinárodní vědecké konference